000 00676nam a2200265Ia 4500
005 20260302115634.0
008 008 260114s9999 xx 000 0 eng d
020 _a9798216009641
037 _aTextbook
040 _aCRL
040 _beng
040 _cCRL
041 _2eng
041 _aeng
084 _qCRL
100 _aThomas S. Hischak
_91122185
245 4 _aThe Rodgers and Hammerstein Encyclopedia
260 _bBloomsbury
260 _bGreenwood
260 _c2007
650 _aLiterary Studies
856 _uhttps://doi.org/10.5040/9798216009641?locatt=label:secondary_bloomsburyCollections
942 _cEBOOK
999 _c1686943
_d1686943